00507 a2200157 4500008004100000010001400041020002600055035001300081037001600094082001400110245007300124260004600197300003300243500005100276700002200327100901t xxu||||| |||| 00| 0 eng d aENG-88946 a9780195689457c650.00 aEN-72479 bDBAD / PUB14a598.095411 aBirds of India :cedited by Abdul Jamil Urfiba literary anthology / aNew DelhibOxford University Pressc2008 axxviii, 385p. ;c22 cm (Hb) aIncludes bibliographical references and index aUrfi, Abdul Jamil